000 00643nab#a2200217#c#4500
999 _c87988
_d87988
003 IEF
005 20191205173911.0
008 950704s1976 uuu|| #####0 b| |u
040 _aIEF
_cES-MaIEF
100 1 _aGroenewegen, Peter Diderik
_919672
245 _aTurgot y Adam Smith
_c P. D. Groenewengen
260 _c1976
500 _aBibliografía
650 4 _aSMITH, ADAM (1723-1790)
_948447
650 4 _aTURGOT, ANNE-ROBERT JACQUES, BARON DE L'AULNE (1727-1781)
_948635
650 4 _aCRITICA E INTERPRETACION
_941528
773 0 _tHacienda pública española
_w34570
_g40, p. 221-231
942 _2udc
942 _2udc